00996nam a22003011i 4500001001300000005001700013006001900030007001500049008004100064035001000105040003100115050002000146082001500166100003000181245007200211264005800283300003400341336002600375337002600401338003600427504005100463650001500514650002400529650002000553650003200573700004800605856004100653bslw1011419220240305165703.0m o d cr un ---uuuua240103s2023 cl ob 001 0 spa d a41997 aUtOrBLWbengerdacUtOrBLW 4aK840b.L58 202304a346.022231 aLlulle, Philipe,eauthor.13aLa inoponibilidad /cpor Philipe Llulle y Patricia Arévalo Ayala. 1a[Santiago, Chile] :b[Editorial El Jurista],c[2023?] a1 online resource (274 pages) atextbtxt2rdacontent acomputerbc2rdamedia aonline resourcebcr2rdacarrier aIncludes bibliographical references and index. 0aContracts. 0aDomestic relations. 0aCommercial law. 0aLabor laws and legislation.1 aArévalo Ayala, Patricia Cecilia,eauthor.40uhttps://app.vlex.com/#/sources/41997